书目信息 |
| 题名: |
教育新概念
|
|
| 作者: | 方卫平 , 阮向阳 , 杜卫 著 | |
| 分册: | ||
| 出版信息: | 武汉 华中理工大学出版社 1995 |
|
| 页数: | 213页 | |
| 开本: | 20cm | |
| 丛书名: | ||
| 单 册: | ||
| 中图分类: | G775 | |
| 科图分类: | ||
| 主题词: | 青少年教育 | |
| 电子资源: | ||
| ISBN: | 7-5609-1124-2 | |
| 000 | 00765nnam 2200253 45 | |
| 001 | 0196003568 | |
| 005 | 20051025083149.37 | |
| 010 | @a7-5609-1124-2@dCNY7.00 | |
| 100 | @a19950614d1995 em y0chiy0121 ea | |
| 101 | 0 | @achi |
| 102 | @aCN@b420000 | |
| 105 | @ay z 000yy | |
| 200 | 10 | @a教育新概念@AJIAO YU XIN GAI NIAN@e青少年美育@EQing Shao Nian Mei Yu@f杜卫,方卫平,阮向阳著@FDu Wei,Fang Wei Ping,Ruan Xiang Yang Zhu |
| 210 | @a武汉@c华中理工大学出版社@d1995 | |
| 215 | @a213页@d20cm | |
| 300 | @a国家教委专项科研基金资助项目 | |
| 517 | @a青少年美育@AQing Shao Nian Mei Yu | |
| 606 | 0 | @a青少年教育 |
| 690 | @aG775@v3 | |
| 701 | 0 | @a方卫平@4著 |
| 701 | 0 | @a阮向阳@4著 |
| 701 | 0 | @a杜卫@4著 |
| 801 | 0 | @aCN@bNLC@c20051025 |
| 905 | @f1@b275065@dG775@e2 | |
| 教育新概念:青少年美育/杜卫,方卫平,阮向阳著.-武汉:华中理工大学出版社,1995 |
| 213页;20cm |
| 国家教委专项科研基金资助项目 |
| ISBN 7-5609-1124-2:CNY7.00 |
| ● |
| 相关链接 |
|
|
|
|
正题名:教育新概念
索取号:G775/2
 
预约/预借
| 序号 | 登录号 | 条形码 | 馆藏地/架位号 | 状态 | 备注 |
| 1 | 0275063 | 000295610 | 第一样本阅览室/ [索取号:G775/2] | 在馆 | |
| 2 | 0275064 | 202131889 | 第四借阅区/ [索取号:G775/2] | 在馆 | |
| 3 | 0275065 | 002023296 | 第四借阅区/ [索取号:G775/2] | 在馆 |